00427nam a2200121Ia 4500008004100000024005600041082001700097100007200114245003100186260002500217600002500242650003800267250506s9999 xx 000 0 und d a15B-111-SE, 15B-098-SE, 15B-085-SE & 15B-117-SE a006.2587 SHO aShoaib Ur Rehman, Zunair Khan, Muhammad Walid & Muhammad Ahmer Khan 0aBlood Donation Application aKarachi:bUIT,c2005 aSoftware Engineering aBachelor of Computer Science (BS)